Vista normal Vista MARC
  • Esteve, Josep Oriol

Entrada Nom personal

Nombre de registres utilitzats a: 2

001 - NÚMERO DE CONTROL

  • campo de control: 69405

003 - IDENTIFICADOR DE NÚMERO DE CONTROL

  • campo de control: OSt

005 - FECHA Y HORA DE LA ÚLTIMA TRANSACCIÓN

  • campo de control: 20210930002514.0

008 - ELEMENTOS DE DATO DE LONGITUD-FIJA

  • campo de control de longitud fija: 210929|| aca||aabn | a|a d

040 ## - FUENTE DE CATALOGACIÓN

  • Centro catalogador/agencia de origen: OSt
  • Centro/agencia transcriptor: OSt

100 ## - ENCABEZAMIENTO-NOMBRE DE PERSONA

  • Nombre de persona: Esteve, Josep Oriol

670 ## - FUENTE DE DATOS ENCONTRADOS

  • Cita de la fuente: Work cat.: (OSt)41795: Esteve, Josep Oriol, El vocabulari català de la psicoanàlisi: English-catalan, français-catalan, 1985